00405nam a2200133Ia 4500008004100000020001800041041001200059082002300071100001800094245009100112260003300203300001500236440002000251240404s9999 xx 000 0 und d a9781484291061 aEnglish a004.21  KOR;1  R aKore, Akshay. 0aDesigning human-centric AI experiences : applied UX design for artificial intelligence c2022bApress MediaaNew York axxiii, 468 aDesign thinking